| 000 | 00879nmc a2200313 a 4500 | ||
|---|---|---|---|
| 003 | AR-BaBNM | ||
| 005 | 20251128204752.0 | ||
| 008 | 185119s1985 ||||||||||||||000 | spa|| | ||
| 020 | _a968-16-1844-0 | ||
| 040 | _cAR-BaBNM | ||
| 100 | 1 | _aPearce, David W. | |
| 245 | 1 | 0 | _aEconomía ambiental |
| 250 | _a1ª ed. | ||
| 260 |
_aMéxico, D.F. _bFondo de Cultura Económica _c1985 |
||
| 300 | 0 |
_a258 p. _btablas, gráfs. |
|
| 490 | 0 | _aSección de obras de economía | |
| 504 | _aContiene bibliografía: p. 246-254 | ||
| 650 | 4 | _aECONOMIA | |
| 650 | 4 | _aECONOMIA DEL BIENESTAR SOCIAL | |
| 650 | 4 | _aECOLOGIA | |
| 650 | 4 | _aEQUILIBRIO ECOLOGICO | |
| 650 | 4 | _aRECURSOS | |
| 650 | 4 | _aCONSERVACION DEL MEDIO AMBIENTE | |
| 650 | 4 | _aCONTAMINACION | |
| 650 | 4 | _aCONSERVACION DE LA NATURALEZA | |
| 700 | 1 |
_aSuárez, Eduardo L. _etraductor |
|
| 942 | _cBK | ||
| 998 | _cEnrique | ||
| 999 |
_c8748 _d8748 |
||